| 000 | 00478nam a2200181Ia 4500 | ||
|---|---|---|---|
| 001 | 2198 | ||
| 005 | 20260306143824.0 | ||
| 008 | 260306t2011||||xx |||||||||||||| ||spa|| | ||
| 041 | _aESP | ||
| 082 |
_a616.044 _bY24 |
||
| 100 |
_aYbarra Sagarduy, José Luis _eAUT |
||
| 245 | 0 |
_aTrastornos y enfermedades crónicas: _buna aproximación psicológica |
|
| 260 | _c2011 | ||
| 300 |
_axiii, 185 páginas : _c23 cm. |
||
| 650 | _aGEN | ||
| 654 | _aCPS | ||
| 942 |
_cLIB _dJUS _fJUS _2ddc _n |
||
| 999 |
_c2198 _d2198 |
||